[Event "Leipzig VfB op 12th"]
[Site "Leipzig"]
[Date "2005.03.02"]
[Round "3"]
[White "Winnig, Bernd"]
[Black "Ewald, Alexander"]
[Result "0-1"]
[WhiteElo "2094"]
[BlackElo "2216"]
[PlyCount "134"]
[EventDate "2005.01.03"]
[EventType "swiss"]
[EventRounds "9"]
[EventCountry "GER"]
[SourceTitle "EXT 2008"]
[Source "ChessBase"]
[SourceDate "2007.11.25"]
[SourceVersion "1"]
[SourceVersionDate "2007.11.25"]
[SourceQuality "1"]

1. d4 Nf6 2. c4 e6 3. g3 d5 4. Bg2 Be7 5. Nf3 0-0 6. 0-0 dxc4 7. Qa4 a6 8. Qxc4 b5 9. Qc2 Bb7 10. Nbd2 Nbd7 11. b3 Rc8 12. Bb2 c5 13. dxc5 Bxc5 14. Qd1 Qb6 15. h3 Rfd8 16. Rc1 Nd5 17. Ne4 Ne3 18. fxe3 Bxe4 19. Bd4 e5 20. Bxc5 Nxc5 21. Qe1 f6 22. Kf2 Bb7 23. Nd2 Ne6 24. Nf3 Nc7 25. Nh4 Bxg2 26. Nxg2 Ne6 27. Qb4 Ng5 28. Qg4 Qe6 29. Qxe6+ Nxe6 30. h4 Kf7 31. Rfd1 Rxc1 32. Rxc1 Rd2 33. a4 bxa4 34. bxa4 Rd5 35. Ne1 Ra5 36. Rc4 Nc5 37. Nd3 Nxa4 38. Rc6 h5 39. Nb4 Nc5 40. Kf3 Ra4 41. Rxc5 Rxb4 42. Ra5 Rb6 43. Ke4 Ke6 44. Rc5 Rd6 45. Rc7 g6 46. Rg7 f5+ 47. Kf3 Kd5 48. Rc7 e4+ 49. Kf2 Rc6 50. Ra7 Kc4 51. Ke1 Rd6 52. Rc7+ Kb5 53. Rb7+ Kc6 54. Rb1 a5 55. Rc1+ Kb5 56. Rb1+ Kc4 57. Rc1+ Kb3 58. Rb1+ Kc2 59. Rb5 a4 60. Ra5 Rd1+ 61. Kf2 Kb3 62. Ra8 a3 63. Rb8+ Kc2 64. Rc8+ Kb1 65. Rb8+ Ka1 66. Ra8 a2 67. Rb8 Rb1 0-1

[Event "Oberpfalz-ch M1"]
[Site "Regensburg"]
[Date "2004.04.03"]
[Round "1.6"]
[White "Roesch, Otto"]
[Black "Ewald, Alexander"]
[Result "1/2-1/2"]
[WhiteElo "1956"]
[BlackElo "2173"]
[PlyCount "68"]
[EventDate "2004.04.03"]
[EventType "swiss"]
[EventRounds "8"]
[EventCountry "GER"]
[SourceTitle "EXT 2022"]
[Source "ChessBase"]
[SourceDate "2021.10.06"]
[SourceVersion "1"]
[SourceVersionDate "2021.10.06"]
[SourceQuality "1"]

1. d4 Nf6 2. Nc3 d5 3. Bf4 Bf5 4. Nf3 e6 5. a3 Be7 6. h3 0-0 7. e3 c5 8. Nb5 a6 9. Nc3 Nc6 10. dxc5 Bxc5 11. b4 Bb6 12. Bd3 d4 13. Bxf5 exf5 14. Na4 Re8 15. Nxb6 Qxb6 16. 0-0 Nd5 17. c4 Nxf4 18. exf4 Rad8 19. Qd3 a5 20. Qxf5 g6 21. Qb5 Qc7 22. Rae1 axb4 23. axb4 Rxe1 24. Rxe1 d3 25. Rd1 Qxf4 26. Qxb7 Qxc4 27. b5 Qc2 28. Rd2 Nd4 29. Ne5 Qb3 30. Kh2 Qe6 31. Nxd3 Re8 32. Qc7 Nxb5 33. Qf4 Nc3 34. Nc5 Qe5 1/2-1/2

[Event "Seefeld op 13th"]
[Site "Seefeld"]
[Date "2002.09.22"]
[Round "9"]
[White "Ewald, Alexander"]
[Black "Schmid, Thomas"]
[Result "1/2-1/2"]
[WhiteElo "2140"]
[BlackElo "2183"]
[PlyCount "39"]
[EventDate "2002.09.14"]
[EventType "swiss"]
[EventRounds "9"]
[EventCountry "AUT"]
[SourceTitle "EXT 2007"]
[Source "ChessBase"]
[SourceDate "2006.11.23"]
[SourceVersion "1"]
[SourceVersionDate "2006.11.23"]
[SourceQuality "1"]

1. d4 Nf6 2. c4 c5 3. d5 b5 4. cxb5 a6 5. f3 e6 6. e4 exd5 7. e5 Nh5 8. Qxd5 Ra7 9. Be3 Qh4+ 10. Bf2 Qb4+ 11. Qd2 Qxd2+ 12. Nxd2 Nf4 13. g3 Nd5 14. a3 axb5 15. Bxb5 Ba6 16. Bxa6 Nxa6 17. Rc1 f6 18. exf6 Nxf6 19. Ne2 Rb7 20. b3 1/2-1/2

[Event "Seefeld op 13th"]
[Site "Seefeld"]
[Date "2002.09.21"]
[Round "8"]
[White "Wiesbeck, Florian"]
[Black "Ewald, Alexander"]
[Result "0-1"]
[WhiteElo "1822"]
[BlackElo "2140"]
[PlyCount "100"]
[EventDate "2002.09.14"]
[EventType "swiss"]
[EventRounds "9"]
[EventCountry "AUT"]
[SourceTitle "EXT 2007"]
[Source "ChessBase"]
[SourceDate "2006.11.23"]
[SourceVersion "1"]
[SourceVersionDate "2006.11.23"]
[SourceQuality "1"]

1. d4 Nf6 2. Bg5 c5 3. Bxf6 gxf6 4. d5 f5 5. g3 Qb6 6. Qc1 Bg7 7. c3 0-0 8. Na3 Qf6 9. Bg2 d6 10. Nh3 e5 11. dxe6 fxe6 12. Nf4 Qf7 13. Nc4 Rd8 14. 0-0 d5 15. Rd1 Nc6 16. Na3 Bd7 17. Nc2 Ne7 18. Nd3 b6 19. Nf4 Bc6 20. e3 Rd7 21. Rd2 Rad8 22. Qe1 e5 23. Ne2 b5 24. Rad1 a5 25. Na1 a4 26. Nc2 Ng6 27. f4 e4 28. Qf2 d4 29. cxd4 Qxa2 30. Na1 cxd4 31. Nxd4 Bxd4 32. exd4 Qe6 33. Qe3 Ne7 34. Nc2 Bd5 35. Bf1 Bc4 36. Bxc4 Qxc4 37. Na3 Qd5 38. Qe2 b4 39. Nc4 Qb5 40. Kf1 Nc6 41. Ne3 Qxe2+ 42. Kxe2 Rxd4 43. Nxf5 Rxd2+ 44. Rxd2 Rxd2+ 45. Kxd2 Na5 46. Ne3 Nb3+ 47. Kd1 a3 48. bxa3 bxa3 49. Nc2 a2 50. Ke2 Nd4+ 0-1

[Event "Seefeld op 13th"]
[Site "Seefeld"]
[Date "2002.09.20"]
[Round "7"]
[White "Ewald, Alexander"]
[Black "Willin, Bernhard"]
[Result "1/2-1/2"]
[WhiteElo "2140"]
[BlackElo "2050"]
[PlyCount "50"]
[EventDate "2002.09.14"]
[EventType "swiss"]
[EventRounds "9"]
[EventCountry "AUT"]
[SourceTitle "EXT 2007"]
[Source "ChessBase"]
[SourceDate "2006.11.23"]
[SourceVersion "1"]
[SourceVersionDate "2006.11.23"]
[SourceQuality "1"]

1. d4 d6 2. c4 Nd7 3. e4 e5 4. Nf3 Be7 5. Nc3 c6 6. Be2 Ngf6 7. 0-0 0-0 8. Qc2 Qc7 9. Rd1 Re8 10. h3 h6 11. Be3 Nf8 12. Rd2 N6h7 13. dxe5 dxe5 14. Rad1 g5 15. Nh2 Nf6 16. Ng4 Nxg4 17. Bxg4 Bxg4 18. hxg4 Rad8 19. Ne2 Ne6 20. Ng3 c5 21. Nf5 Bf8 22. Qc3 Rxd2 23. Rxd2 Nd4 24. Bxd4 cxd4 25. Qd3 Re6 1/2-1/2

[Event "Seefeld op 13th"]
[Site "Seefeld"]
[Date "2002.09.16"]
[Round "3"]
[White "Ewald, Alexander"]
[Black "Ballon, Guenther Jan"]
[Result "0-1"]
[WhiteElo "2140"]
[BlackElo "2215"]
[PlyCount "44"]
[EventDate "2002.09.14"]
[EventType "swiss"]
[EventRounds "9"]
[EventCountry "AUT"]
[SourceTitle "EXT 2007"]
[Source "ChessBase"]
[SourceDate "2006.11.23"]
[SourceVersion "1"]
[SourceVersionDate "2006.11.23"]
[SourceQuality "1"]

1. d4 d5 2. c4 c6 3. Nf3 e6 4. Nc3 dxc4 5. a4 Bb4 6. e3 b5 7. Bd2 a5 8. axb5 Bxc3 9. Bxc3 cxb5 10. b3 Bb7 11. d5 Nf6 12. bxc4 b4 13. Bxf6 Qxf6 14. Qa4+ Nd7 15. Nd4 Ke7 16. Qb5 Rhb8 17. d6+ Ke8 18. Qh5 a4 19. c5 Be4 20. c6 Bxc6 21. Qxh7 b3 22. Rb1 a3 0-1

[Event "Regionalliga NO 0102"]
[Site "Bayern"]
[Date "2002.04.28"]
[Round "9.2"]
[White "Fischer, Markus"]
[Black "Ewald, Alexander"]
[Result "0-1"]
[WhiteElo "2195"]
[BlackElo "2125"]
[PlyCount "63"]
[EventDate "2001.10.07"]
[EventType "team-tourn"]
[EventRounds "9"]
[EventCountry "GER"]
[SourceTitle "EXT 2003"]
[Source "ChessBase"]
[SourceDate "2002.11.25"]
[SourceVersion "1"]
[SourceVersionDate "2002.11.25"]
[SourceQuality "1"]
[WhiteTeam "Regensburg Eulenspiegel"]
[BlackTeam "Regensburg II"]
[WhiteTeamCountry "GER"]
[BlackTeamCountry "GER"]

1. e4 c5 2. Nf3 e6 3. d3 Nc6 4. g3 Nf6 5. Bg2 Be7 6. c3 0-0 7. 0-0 d6 8. a4 Qc7 9. Qe2 b6 10. Na3 Bb7 11. Bf4 Nd7 12. Rad1 Nde5 13. d4 Nxf3+ 14. Bxf3 e5 15. dxe5 dxe5 16. Nb5 Qb8 17. Bc1 a6 18. Na3 Qc7 19. Bg4 Rad8 20. Nc4 Bf6 21. Ne3 Ne7 22. Bf3 Qc6 23. Ng4 Qxa4 24. Nxf6+ gxf6 25. Bh6 Rfe8 26. Ra1 Qc6 27. Rfe1 f5 28. Qe3 f4 29. Bxf4 exf4 30. Qxf4 Ng6 31. Qf5 Qe6 32. Bg4 0-1

[Event "Regionalliga NO 0102"]
[Site "Bayern"]
[Date "2002.02.24"]
[Round "6.2"]
[White "Ewald, Alexander"]
[Black "Meulner, Klaus"]
[Result "1-0"]
[WhiteElo "2125"]
[BlackElo "2160"]
[PlyCount "57"]
[EventDate "2001.10.07"]
[EventType "team-tourn"]
[EventRounds "9"]
[EventCountry "GER"]
[SourceTitle "EXT 2003"]
[Source "ChessBase"]
[SourceDate "2002.11.25"]
[SourceVersion "1"]
[SourceVersionDate "2002.11.25"]
[SourceQuality "1"]
[WhiteTeam "Regensburg II"]
[BlackTeam "Nuernberg Sued SW"]
[WhiteTeamCountry "GER"]
[BlackTeamCountry "GER"]

1. d4 Nf6 2. c4 d6 3. Nc3 Bf5 4. Bg5 Nbd7 5. f3 h6 6. Bh4 g5 7. Bf2 e5 8. e4 exd4 9. Bxd4 Be6 10. Nd5 Bg7 11. Ne2 0-0 12. Ng3 c6 13. Ne3 Re8 14. Qd2 Qc7 15. Qc3 c5 16. Bxf6 Bxf6 17. Qd2 Be5 18. Ngf5 Bf4 19. g3 Bxe3 20. Nxe3 Ne5 21. Be2 Nc6 22. 0-0-0 Rad8 23. f4 f6 24. h4 Nd4 25. hxg5 hxg5 26. Bh5 Re7 27. f5 Bf7 28. Bxf7+ Kxf7 29. Nd5 1-0

[Event "Regionalliga NO 0102"]
[Site "Bayern"]
[Date "2002.02.03"]
[Round "5.2"]
[White "Hlavac, Rudolf"]
[Black "Ewald, Alexander"]
[Result "1/2-1/2"]
[WhiteElo "2115"]
[BlackElo "2125"]
[PlyCount "83"]
[EventDate "2001.10.07"]
[EventType "team-tourn"]
[EventRounds "9"]
[EventCountry "GER"]
[SourceTitle "EXT 2003"]
[Source "ChessBase"]
[SourceDate "2002.11.25"]
[SourceVersion "1"]
[SourceVersionDate "2002.11.25"]
[SourceQuality "1"]
[WhiteTeam "Weiden"]
[BlackTeam "Regensburg II"]
[WhiteTeamCountry "GER"]
[BlackTeamCountry "GER"]

1. e4 c5 2. Nf3 d6 3. d4 cxd4 4. Qxd4 a6 5. c4 Nc6 6. Qd2 Nf6 7. Nc3 Bg4 8. Be2 g6 9. b3 Bg7 10. Bb2 0-0 11. 0-0 Qa5 12. Rfd1 Rfd8 13. h3 Bxf3 14. Bxf3 e6 15. a3 b5 16. b4 Qb6 17. cxb5 axb5 18. Be2 d5 19. exd5 Nxd5 20. Nxd5 Rxd5 21. Qc2 Nd4 22. Bxd4 Bxd4 23. Bf3 Bxa1 24. Rxa1 Qd4 25. Ra2 Rad8 26. Bxd5 Rxd5 27. g3 h5 28. h4 Qe5 29. Qe2 Qc3 30. Kg2 Rd3 31. Rc2 Qd4 32. Rc8+ Kg7 33. Rc5 Rxa3 34. Qe5+ Qxe5 35. Rxe5 Rb3 36. Rxb5 Kf6 37. Rb7 Kg7 38. b5 Kf6 39. b6 Kg7 40. Kf1 Rb2 41. Kg2 Rb3 42. Kf1 1/2-1/2

[Event "Bayern-chI Bank Hofmann 5th"]
[Site "Bad Wiessee"]
[Date "2001.11.01"]
[Round "6"]
[White "Ortmann, David"]
[Black "Ewald, Alexander"]
[Result "0-1"]
[WhiteElo "2251"]
[BlackElo "2134"]
[PlyCount "106"]
[EventDate "2001.10.27"]
[EventType "swiss"]
[EventRounds "9"]
[EventCountry "GER"]
[SourceTitle "EXT 2003"]
[Source "ChessBase"]
[SourceDate "2002.11.25"]
[SourceVersion "1"]
[SourceVersionDate "2002.11.25"]
[SourceQuality "1"]

1. Nf3 Nf6 2. c4 c5 3. Nc3 d5 4. cxd5 Nxd5 5. d4 Nxc3 6. bxc3 e6 7. e4 cxd4 8. cxd4 Bb4+ 9. Bd2 Bxd2+ 10. Qxd2 0-0 11. Bc4 Nd7 12. 0-0 Nf6 13. Qd3 b6 14. Rfe1 Bb7 15. Rad1 Qd7 16. e5 Bxf3 17. exf6 Bxd1 18. Qg3 g6 19. Qf4 Qd8 20. Rxd1 Rc8 21. Bb3 Kh8 22. g4 Rg8 23. Qg5 Qf8 24. Rd3 h6 25. Rh3 Kh7 26. Kg2 Rh8 27. Qe5 Qd8 28. Qf4 Kg8 29. Rd3 Qc7 30. Qe4 Qd6 31. f4 Kh7 32. Kh3 Rhd8 33. g5 h5 34. Bd1 Qd5 35. Qe2 Qf5+ 36. Kg3 Rc4 37. Bc2 Qg4+ 38. Qxg4 hxg4 39. Bb3 Rcxd4 40. Rxd4 Rxd4 41. Kxg4 b5 42. Kf3 a5 43. Ke3 Rb4 44. h4 a4 45. Bc2 Rb2 46. Bd3 b4 47. Bc4 a3 48. h5 b3 49. f5 gxf5 50. Bxe6 fxe6 51. g6+ Kg8 52. h6 Rh2 53. h7+ Rxh7 0-1

[Event "Regionalliga NO 0102"]
[Site "Bayern"]
[Date "2001.10.07"]
[Round "1.2"]
[White "Kotz, Reinhard"]
[Black "Ewald, Alexander"]
[Result "1/2-1/2"]
[WhiteElo "2130"]
[BlackElo "2125"]
[PlyCount "82"]
[EventDate "2001.10.07"]
[EventType "team-tourn"]
[EventRounds "9"]
[EventCountry "GER"]
[SourceTitle "EXT 2003"]
[Source "ChessBase"]
[SourceDate "2002.11.25"]
[SourceVersion "1"]
[SourceVersionDate "2002.11.25"]
[SourceQuality "1"]
[WhiteTeam "Puschendorf"]
[BlackTeam "Regensburg II"]
[WhiteTeamCountry "GER"]
[BlackTeamCountry "GER"]

1. f4 d5 2. b3 Nf6 3. Bb2 g6 4. e3 Bg7 5. Be2 0-0 6. Nf3 c5 7. 0-0 Nc6 8. Bb5 Bd7 9. Bxc6 Bxc6 10. Ne5 Qc7 11. Nxc6 Qxc6 12. Qe2 b5 13. Nc3 Ne4 14. Nd1 Bxb2 15. Nxb2 c4 16. d3 Nd6 17. Rae1 Rfc8 18. e4 dxe4 19. dxe4 Qc5+ 20. Qf2 Rc7 21. Qxc5 Rxc5 22. b4 Rc7 23. e5 Nc8 24. a4 a5 25. bxa5 Rxa5 26. axb5 Rxb5 27. Na4 Ra7 28. Nc3 Rb2 29. Re2 Nb6 30. Rd1 Ra3 31. Ne4 Kg7 32. Kf2 Raa2 33. Rdd2 Na4 34. c3 Rxd2 35. Rxd2 Ra3 36. Rc2 f5 37. exf6+ exf6 38. Nd6 Nb6 39. Ke3 Ra5 40. g3 Rd5 41. Ne4 h5 1/2-1/2

[Event "Pyramiden Franken Cup 4th"]
[Site "Fuerth"]
[Date "2001.08.25"]
[Round "8"]
[White "Ewald, Alexander"]
[Black "Sokolovs, Jurijs"]
[Result "0-1"]
[WhiteElo "2115"]
[BlackElo "2171"]
[PlyCount "124"]
[EventDate "2001.08.18"]
[EventType "swiss"]
[EventRounds "9"]
[EventCountry "GER"]
[SourceTitle "EXT 2010"]
[Source "ChessBase"]
[SourceDate "2010.11.25"]
[SourceVersion "1"]
[SourceVersionDate "2010.11.25"]
[SourceQuality "1"]

1. d4 Nf6 2. c4 g6 3. Nc3 Bg7 4. e4 d6 5. f3 0-0 6. Be3 Nbd7 7. Qd2 c5 8. d5 a6 9. a4 Nh5 10. h3 b5 11. axb5 Bb7 12. f4 Nhf6 13. Bd3 axb5 14. Rxa8 Qxa8 15. Nxb5 Qa1+ 16. Qc1 Qa5+ 17. Kf2 Ba6 18. Ne2 Bxb5 19. cxb5 Qb4 20. Kf3 Nb6 21. Bd2 Qa4 22. Qa1 Ra8 23. Qxa4 Rxa4 24. Bc3 e6 25. dxe6 fxe6 26. e5 dxe5 27. Bxe5 Nfd5 28. Bxg7 Kxg7 29. Rc1 c4 30. Be4 Rb4 31. Nd4 Kf6 32. Re1 Nc7 33. Rc1 Rxb2 34. Bc6 e5 35. fxe5+ Kxe5 36. Nc2 Nxb5 37. Ne3 Nd4+ 38. Kg4 Nxc6 39. Rxc4 Ne7 40. Rc7 Kf6 41. Rb7 Rb4+ 42. Kf3 Nbd5 43. Nxd5+ Nxd5 44. Rxh7 Rb3+ 45. Kf2 Nf4 46. g3 Nd3+ 47. Kg2 Rb2+ 48. Kg1 Ne5 49. Rh8 Kf5 50. Ra8 Nf3+ 51. Kf1 Rh2 52. Rf8+ Ke4 53. Rh8 Ne5 54. Kg1 Rd2 55. Rb8 Kf5 56. Rf8+ Kg5 57. Rf4 Nc4 58. Rf3 Nd6 59. h4+ Kh6 60. Rf6 Nf5 61. h5 Kxh5 62. g4+ Kg5 0-1

[Event "Pyramiden Franken Cup 4th"]
[Site "Fuerth"]
[Date "2001.08.23"]
[Round "6"]
[White "Carl, Werner"]
[Black "Ewald, Alexander"]
[Result "0-1"]
[WhiteElo "1909"]
[BlackElo "2115"]
[PlyCount "89"]
[EventDate "2001.08.18"]
[EventType "swiss"]
[EventRounds "9"]
[EventCountry "GER"]
[SourceTitle "EXT 2010"]
[Source "ChessBase"]
[SourceDate "2010.11.25"]
[SourceVersion "1"]
[SourceVersionDate "2010.11.25"]
[SourceQuality "1"]

1. e4 c5 2. c3 d6 3. Bc4 Nf6 4. d3 Nc6 5. Nf3 e6 6. Bb3 Be7 7. 0-0 0-0 8. Re1 e5 9. h3 Be6 10. Nbd2 Qc7 11. Nf1 Rfe8 12. Ng3 Rad8 13. Ng5 Bxb3 14. Qxb3 Bf8 15. Nf3 g6 16. Bg5 Bg7 17. Rad1 h6 18. Bc1 Kh7 19. Nh2 d5 20. exd5 Nxd5 21. Nf3 f5 22. Qc2 Re7 23. a3 Red7 24. Qe2 b5 25. h4 Nde7 26. h5 g5 27. Nxf5 Nxf5 28. Qe4 Rf8 29. g4 Kh8 30. gxf5 Rdf7 31. Nxg5 Rxf5 32. Be3 Rf3 33. Bxc5 R8f4 34. Qg6 Qc8 35. Kf1 a5 36. Ke2 Rf6 37. Qe4 R3f4 38. Qg2 Qe6 39. Rb1 Rf7 40. Kd2 b4 41. axb4 axb4 42. Ra1 bxc3+ 43. bxc3 Ne7 44. Be3 R4f5 45. Ra8+ 0-1

[Event "Pyramiden Franken Cup 4th"]
[Site "Fuerth"]
[Date "2001.08.20"]
[Round "3"]
[White "Ewald, Alexander"]
[Black "Kachiani Gersinska, Ketino"]
[Result "0-1"]
[WhiteElo "2115"]
[BlackElo "2453"]
[PlyCount "130"]
[EventDate "2001.08.18"]
[EventType "swiss"]
[EventRounds "9"]
[EventCountry "GER"]
[SourceTitle "EXT 2010"]
[Source "ChessBase"]
[SourceDate "2010.11.25"]
[SourceVersion "1"]
[SourceVersionDate "2010.11.25"]
[SourceQuality "1"]

1. d4 Nf6 2. c4 g6 3. Nc3 Bg7 4. e4 d6 5. f3 0-0 6. Be3 a6 7. Qd2 Nbd7 8. Nge2 c5 9. Rd1 b6 10. Ng3 cxd4 11. Bxd4 Bb7 12. Bd3 Qc7 13. 0-0 Rac8 14. Rc1 e6 15. f4 e5 16. fxe5 dxe5 17. Nd5 Qd6 18. Be3 Bxd5 19. cxd5 Nc5 20. b4 Nxd3 21. Qxd3 Ng4 22. Bd2 b5 23. Qe2 h5 24. h3 Nf6 25. Qd3 Nd7 26. a3 Nb6 27. Be3 Nc4 28. Kh1 Rfe8 29. Bc5 Rxc5 30. bxc5 Qxc5 31. a4 Bh6 32. Rc3 Qd4 33. axb5 axb5 34. Qf3 Rf8 35. Rd3 Qc5 36. Ra1 b4 37. Qe2 h4 38. Nf1 Rb8 39. Rb1 Nd6 40. Nh2 Qc4 41. Ng4 Bf4 42. Qf3 Kg7 43. Nf2 Bg3 44. Re3 b3 45. Ng4 b2 46. Qf6+ Kh7 47. Rf3 Qc1+ 48. Rf1 Rc8 49. Rxb2 Qxb2 50. Qxd6 Rc1 51. Qf6 Rxf1+ 52. Qxf1 Bf4 53. Qe1 Kg7 54. Kg1 Qd4+ 55. Kh1 f5 56. exf5 gxf5 57. Nh2 Qxd5 58. Nf3 Bg3 59. Qc1 e4 60. Qg5+ Kf7 61. Qh5+ Ke6 62. Qe8+ Kf6 63. Qf8+ Kg6 64. Qe8+ Qf7 65. Ne5+ Bxe5 0-1

[Event "GER-chT Landesliga"]
[Site "Greifswald"]
[Date "2001.07.29"]
[Round "1.2"]
[White "Send, Sebastian"]
[Black "Ewald, Alexander"]
[Result "0-1"]
[WhiteElo "2167"]
[BlackElo "2115"]
[PlyCount "56"]
[EventDate "2001.07.29"]
[EventType "team"]
[EventRounds "7"]
[EventCountry "GER"]
[SourceTitle "EXT 2003"]
[Source "ChessBase"]
[SourceDate "2002.11.25"]
[SourceVersion "1"]
[SourceVersionDate "2002.11.25"]
[SourceQuality "1"]

1. e4 c5 2. Nf3 d6 3. d4 cxd4 4. Nxd4 Nf6 5. Nc3 a6 6. Be2 e5 7. Nb3 Be7 8. a4 Be6 9. Be3 Nbd7 10. 0-0 0-0 11. f4 Rc8 12. Nd2 exf4 13. Rxf4 Ne5 14. Rf1 Qc7 15. a5 d5 16. exd5 Nxd5 17. Nxd5 Bxd5 18. Nf3 Ng4 19. Bb6 Bc5+ 20. Bxc5 Bxf3 21. Bd6 Bxe2 22. Qxe2 Qxd6 23. Qxg4 Rxc2 24. b4 Qc6 25. Rf4 Rd8 26. Qf3 Rc1+ 27. Rxc1 Qxc1+ 28. Kf2 Qc2+ 0-1

[Event "Regionalliga NO 0001"]
[Site "Bayern"]
[Date "2001.02.18"]
[Round "6.2"]
[White "Stiller, Juergen"]
[Black "Ewald, Alexander"]
[Result "0-1"]
[WhiteElo "2125"]
[BlackElo "2125"]
[PlyCount "96"]
[EventDate "2000.10.15"]
[EventType "team-tourn"]
[EventRounds "9"]
[EventCountry "GER"]
[SourceTitle "EXT 2020"]
[Source "ChessBase"]
[SourceDate "2019.10.17"]
[SourceVersion "1"]
[SourceVersionDate "2019.10.17"]
[SourceQuality "1"]
[WhiteTeam "Nuernberg Sued SW"]
[BlackTeam "Regensburg Fortuna II"]
[WhiteTeamCountry "GER"]
[BlackTeamCountry "GER"]

1. d4 Nf6 2. Bg5 c5 3. Bxf6 gxf6 4. d5 f5 5. c4 Bg7 6. Qc2 a6 7. e3 b5 8. cxb5 0-0 9. Nc3 Qa5 10. a4 e6 11. d6 axb5 12. Bxb5 Ba6 13. Rb1 Nc6 14. Nge2 Bxb5 15. axb5 Na7 16. 0-0 Nxb5 17. Qd3 Rfb8 18. h3 Ra6 19. Qc4 Nxd6 20. Qf4 Qb4 21. Qg5 Ne8 22. Nf4 h6 23. Qg3 d6 24. Nh5 Kh7 25. Nxg7 Nxg7 26. Rfd1 Rbb6 27. Qf3 d5 28. Qg3 c4 29. Rd4 Qd6 30. Qh4 Ra7 31. Qf6 Qe7 32. Qe5 Rab7 33. Rd2 Ne8 34. g4 fxg4 35. hxg4 Qg5 36. Qg3 Nf6 37. f3 Qxe3+ 38. Rf2 d4 39. Na4 Rb4 40. Nc5 Ra7 41. Kg2 c3 42. Qd6 Rb5 43. b4 Nd5 44. Ne4 d3 45. Rh1 Qf4 46. Qd8 c2 47. Ng5+ Kg7 48. Rxh6 Rb8 0-1

[Event "Regionalliga NO 0001"]
[Site "Bayern"]
[Date "2001.01.28"]
[Round "5.2"]
[White "Ewald, Alexander"]
[Black "Kraft, Hans"]
[Result "1-0"]
[WhiteElo "2130"]
[BlackElo "2120"]
[PlyCount "55"]
[EventDate "2000.10.15"]
[EventType "team-tourn"]
[EventRounds "9"]
[EventCountry "GER"]
[SourceTitle "EXT 2020"]
[Source "ChessBase"]
[SourceDate "2019.10.17"]
[SourceVersion "1"]
[SourceVersionDate "2019.10.17"]
[SourceQuality "1"]
[WhiteTeam "Regensburg Fortuna II"]
[BlackTeam "Zirndorf II"]
[WhiteTeamCountry "GER"]
[BlackTeamCountry "GER"]

1. d4 Nf6 2. c4 c5 3. d5 b5 4. cxb5 a6 5. f3 g6 6. e4 d6 7. Na3 Bg7 8. Ne2 0-0 9. Nc3 Nbd7 10. Be2 axb5 11. Naxb5 Ba6 12. 0-0 Qa5 13. Be3 Rfc8 14. a4 Ne8 15. Ra3 Qd8 16. f4 Rcb8 17. Qd2 Nc7 18. f5 Bxb5 19. Nxb5 Ne5 20. Bh6 Nxb5 21. Bxb5 Qa5 22. Qf4 Qb4 23. Rh3 Qd4+ 24. Kh1 Bf6 25. Bg5 Bxg5 26. Qxg5 Rxb5 27. fxg6 Rbb8 28. Qh6 1-0